Civilization / Past & Present; Seventh Edition (Record no. 5596)
[ view plain ]
| 000 -LEADER | |
|---|---|
| fixed length control field | 01244cam a22001934a 4500 |
| 005 - ΗΜΕΡΟΜΗΝΙΑ ΚΑΙ ΩΡΑ ΤΕΛΕΥΤΑΙΑΣ ΕΝΗΜΕΡΩΣΗΣ | |
| Πεδίο ελέγχου | 20250605164217.0 |
| 008 - FIXED-LENGTH DATA ELEMENTS--GENERAL INFORMATION | |
| Πεδίο ελέγχου σταθερού μήκους | 250528s ||||||||||||||||||||||||d |
| 035 ## - SYSTEM CONTROL NUMBER | |
| System control number | 20494 |
| 020 ## - ISBN | |
| ISBN | 673388689 |
| 040 ## - ΠΗΓΗ ΚΑΤΑΛΟΓΟΓΡΑΦΗΣΗΣ | |
| Φορέας πρωτότυπης καταλογογράφησης | MC Athens Campus Library |
| Γλώσσα καταλογογράφησης | Ελληνικά, Μοντέρνα (1453-) |
| Modifying agency | MC Athens Campus Library |
| Κανόνες περιγραφικής καταλογογράφησης | AACR2 |
| 245 1# - ΤΙΤΛΟΣ ΚΑΙ ΔΗΛΩΣΗ ΥΠΕΥΘΥΝΟΤΗΤΑΣ | |
| Τίτλος | Civilization / Past & Present; Seventh Edition |
| 260 ## - PUBLICATION, DISTRIBUTION, ETC. | |
| Name of publisher, distributor, etc. | Harper Collins Publishers, |
| Date of publication, distribution, etc. | 1992 |
| 300 ## - PHYSICAL DESCRIPTION | |
| Extent | 560 |
| 520 ## - SUMMARY, ETC. | |
| Summary, etc. | The first American college textbook to chronicle the evolution of humanity from earliest times to the present. Golden Anniversary Edition. Maps, Foreword, Preface, Prologue, Along the Banks of Rivers, The Glory That Was Greece, The Grandeur That was Rome, The Asian Way of Life, The City of God, Islam from the Beginning to 1300, The Byzantine Empire and Eastern Europe and Russia to 1600, The Rising Flood of Asian Culture, Europe's Search for Stability, The High Middle Ages, Europe in Transition, ''Man is the Measure'', ''Here I Take My Stand'', The Transition to Modern Times in Asia, Emerging Civilizations in Sub-Sahara Africa and the New World, European Expansion: Exploration and Colonization, Toward the Twenty-First Century, Reference Maps, Index. |
| 700 1# - ΠΡΟΣΘΕΤΗ ΑΝΑΓΡΑΦΗ--ΦΥΣΙΚΟ ΠΡΟΣΩΠΟ | |
| Personal name | Wallbank Walter |
| 9 (RLIN) | 6477 |
| 942 ## - ADDED ENTRY ELEMENTS (KOHA) | |
| Koha item type | Books |
| Τύπος τεκμηρίου | Βιβλιοθήκη | Τρέχουσα τοποθεσία | Barcode | Αριθμός εισαγωγής | Ημερομηνία απόκτησης | Ταξιθετικό σύμβολο | Αριθμός αντιτύπου | Κατάσταση απόσυρσης | Κατάσταση χαμένου | Κατάσταση κατεστραμμένου | Μη δανεισμός | Σύνολο δανεισμών | Ημερομηνία τελευταίας εμφάνισης | Η τιμή ισχύει από |
|---|---|---|---|---|---|---|---|---|---|---|---|---|---|---|
| Books | MC Athens Campus Library | MC Athens Campus Library | 9780000055958 | 6972 | 05/06/2025 | 909 WAL V.I | 2 | 05/06/2025 | 05/06/2025 |